Indonesia / (Record no. 6532)
[ view plain ]
| 000 -LEADER | |
|---|---|
| fixed length control field | 02648nam a22003137a 4500 |
| 001 - CONTROL NUMBER | |
| control field | 6532 |
| 003 - CONTROL NUMBER IDENTIFIER | |
| control field | FISKH |
| 005 - DATE AND TIME OF LATEST TRANSACTION | |
| control field | 20250508101337.0 |
| 008 - FIXED-LENGTH DATA ELEMENTS--GENERAL INFORMATION | |
| fixed length control field | 250508b cb ||||| |||| 00| 0 eng d |
| 020 ## - INTERNATIONAL STANDARD BOOK NUMBER | |
| International Standard Book Number | 9780864424549 |
| 040 ## - CATALOGING SOURCE | |
| Original cataloging agency | FISKH |
| Language of cataloging | eng |
| Transcribing agency | FISKH |
| Modifying agency | FISKH |
| 050 ## - LIBRARY OF CONGRESS CALL NUMBER | |
| Classification number | DS614 .I5436 |
| 082 ## - DEWEY DECIMAL CLASSIFICATION NUMBER | |
| Classification number | 915.9804 |
| 100 ## - MAIN ENTRY--PERSONAL NAME | |
| Personal name | Turner, Peter |
| 245 ## - TITLE STATEMENT | |
| Title | Indonesia / |
| Statement of responsibility, etc. | By Peter Turner ,Brendan Delahunty , Paul Greenway , James Lyon , Chris Taylor and David Willett |
| 250 ## - EDITION STATEMENT | |
| Edition statement | First published 1986 |
| 260 ## - PUBLICATION, DISTRIBUTION, ETC. | |
| Place of publication, distribution, etc. | Fort Mill : |
| Name of publisher, distributor, etc. | Lonely Planet , |
| Date of publication, distribution, etc. | 1997. |
| 300 ## - PHYSICAL DESCRIPTION | |
| Extent | 1049 pages : |
| Other physical details | color illustrations, maps ; |
| Dimensions | 19 cm . |
| 490 ## - SERIES STATEMENT | |
| Series statement | Lonely Planet |
| 505 ## - FORMATTED CONTENTS NOTE | |
| Formatted contents note | Z <br/> |
| 520 ## - SUMMARY, ETC. | |
| Summary, etc. | Lonely Planet's local travel experts reveal all you need to know to plan the trip of a lifetime to Indonesia. Discover popular and off the beaten track experiences from visiting the dozens of golden beaches along the coastline of Gunung Kidul to taking a diving tour of the Liberty shipwreck in Bali, and trekking through the rainforest in little-visited Gunung Palung National Park. Build a trip to remember with Lonely Planet's Indonesia travel guide:Our classic guidebook format provides you with the most comprehensive level of information for planning multi-week tripsUpdated with an all new structure and design so you can navigate Indonesia and connect experiences together with easeCreate your perfect trip with exciting itineraries for extended journeys combined with suggested day trips, walking tours, and activities to match your passionsGet fresh takes on must-visit sights including Prambanan, Tumpak Sewu, and Pulau MenjanganSpecial features on where to spot wildlife, volcano climbing guide, Borneo river cruiseExpert local recommendations on when to go, eating, drinking, nightlife, shopping, accommodation, adventure activities, festivals, and moreEssential information toolkit containing tips on arriving; transport; making the most of your time and money; LGBTIQ+ travel advice; useful words and phrases; accessibility; and responsible travelConnect with Indonesian culture through stories that delve deep into local life, history, and traditions Inspiring full-colour travel photography and maps Covers Java, Bali, Nusa Tenggara, Maluku, Papua, Sumatra, Kalimantan, Sulawesi Create a trip that's uniquely yours and get to the heart of this extraordinary country with Lonely Planet's Indonesia. |
| 521 8# - TARGET AUDIENCE NOTE | |
| Target audience note | 1010 <br/> |
| Source | Lexile <br/> |
| 521 8# - TARGET AUDIENCE NOTE | |
| Target audience note | Z <br/> |
| Source | Raz-Plus <br/> |
| 650 ## - SUBJECT ADDED ENTRY--TOPICAL TERM | |
| Topical term or geographic name entry element | Lovely Planet |
| Form subdivision | Non-fiction |
| 650 ## - SUBJECT ADDED ENTRY--TOPICAL TERM | |
| Topical term or geographic name entry element | Travel guide |
| Form subdivision | Non-fiction |
| 700 ## - ADDED ENTRY--PERSONAL NAME | |
| Personal name | Delahunty, Brendan |
| Relator term | Illustrator |
| 942 ## - ADDED ENTRY ELEMENTS (KOHA) | |
| Source of classification or shelving scheme | Dewey Decimal Classification |
| Koha item type | Books |
| Suppress in OPAC | No |
| Withdrawn status | Lost status | Source of classification or shelving scheme | Damaged status | Not for loan | Collection | Home library | Current library | Shelving location | Date acquired | Total Checkouts | Full call number | Barcode | Date last seen | Price effective from | Koha item type |
|---|---|---|---|---|---|---|---|---|---|---|---|---|---|---|---|
| Dewey Decimal Classification | Non-Fiction | Footprints International School Library Network Toul Tom Poung Campus | Footprints International School Library Network Toul Tom Poung Campus | TTP Secondary Non-Fiction Bookshelves | 05/08/2025 | WIL 915.9804 DS614 .I5436 | 2025-1217 | 05/08/2025 | 05/08/2025 | Books |
